000 01009naa a22002657a 4500
001 BR7600316
003 BR-BrBNA
005 20240918173805.0
007 ta
008 230509b bl.||||| |||| 00| 0 por d
040 _aBR-BrBNA
_bpor
_cBiblioteca Nacional de Agricultura
041 _a(Pt)
072 _aF26; F25
_b/G514
090 _aF26 BR7600316
110 1 _aFederacao da Agricultura do Estado de Sao Paulo, Sao Paulo (Brasil)
_94567
111 1 _a1. Encontro Nacional de Agropecuaria
_cBrasilia, DF (Brazil)
_d17 Nov 1975
245 1 _aPlano de recuperacao do solo brasileiro [Mineral]
260 3 _aBrasilia, DF (Brasil):
_c1975.
500 _aTemario do 1. Encontro Nacional de Agropecuaria Brasilia, DF (Brasil): 1975. p. 240-242 (BR7600316-AM)F26
650 _aMINERAL
650 _aRECUPERACAO DO SOLO
773 0 _tTemario do 1. Encontro Nacional de Agropecuaria
_wF26 BR7600316
_gBrasilia, DF (Brasil), 1975. p. 240-242
909 _a202404
_bLucia
_c55
_dLucia Elande
942 _cAM
_2AGRIS
999 _c306930
_d306930